| 000 | 00574nam a22001937a 4500 | ||
|---|---|---|---|
| 005 | 20240704111209.0 | ||
| 008 | 240704b |||||||| |||| 00| 0 eng d | ||
| 020 | _a9788131225783 | ||
| 082 |
_a610 _bDAV |
||
| 245 |
_aDavidson's Principles & Practice of Medicine / _cNicki R. Colledge, Brian R. Walker, Stuart H. Ralston |
||
| 250 | _a21th ed. | ||
| 260 |
_aindia: _bElsevier ; _c2010 |
||
| 300 |
_axvi,1360p. _bill; _c27.5 |
||
| 500 | _ainclude index . | ||
| 650 | _aMedical / Medicine | ||
| 700 | _aNicki R. Colledge, | ||
| 700 | _a Brian R. Walker, | ||
| 999 |
_c36038 _d36038 |
||